[Event "GER-ch Youth U10W 2020"]
[Site "Willingen"]
[Date "2020.10.31"]
[Round "7.6"]
[White "Huber, Laura"]
[Black "Woiteck, Sophia"]
[Result "1/2-1/2"]
[WhiteElo "1249"]
[BlackElo "1065"]
[Annotator "NA RC"]
[PlyCount "66"]
[EventDate "2020.10.27"]
[EventType "swiss"]
[EventRounds "7"]
[EventCountry "GER"]
[SourceTitle "playchess.com"]
[Source "ChessBase"]
[SourceQuality "1"]
[TimeControl "40/4500+30:900+30"]

1. e4 {[%emt 0:00:00]} c5 {[%emt 0:00:00]} 2. Nc3 {[%emt 0:00:00]} Nc6 {[%emt 0:00:00]} 3. f4 {[%emt 0:00:01]} e6 {[%emt 0:00:47]} 4. Nf3 {[%emt 0:05:23]} g6 {[%emt 0:00:35]} 5. Bc4 {[%emt 0:02:50]} Bg7 {[%emt 0:00:44]} 6. O-O {[%emt 0:01:02]} Nge7 {[%emt 0:00:49]} 7. d3 {[%emt 0:03:00]} Na5 {[%emt 0:04:32]} 8. Bb3 {[%emt 0:01:43]} b5 {[%emt 0:05:05]} 9. Nxb5 {[%emt 0:09:03]} Qb6 {[%emt 0:00:17]} 10. c4 {[%emt 0:01:33]} a6 {[%emt 0:01:01]} 11. Nc3 {[%emt 0:01:52]} f5 {[%emt 0:01:38]} 12. Be3 {[%emt 0:08:08]} Bxc3 {[%emt 0:09:20]} 13. bxc3 {[%emt 0:00:46]} fxe4 {[%emt 0:06:22]} 14. dxe4 {[%emt 0:01:44]} Qc6 {[%emt 0:16:27]} 15. Re1 {[%emt 0:22:34]} Rg8 {[%emt 0:01:30]} 16. Qd3 {[%emt 0:01:00]} Rb8 {[%emt 0:12:00]} 17. Qc2 {[%emt 0:03:22]} Bb7 {[%emt 0:00:49]} 18. Bf2 {[%emt 0:02:37]} h6 {[%emt 0:04:32]} 19. Ne5 {[%emt 0:02:58]} Qc7 {[%emt 0:01:21]} 20. Rad1 {[%emt 0:01:50]} d6 {[%emt 0:03:20]} 21. Ba4+ {[%emt 0:00:52]} Bc6 {[%emt 0:00:48]} 22. Nxc6 {[%emt 0:00:13]} Naxc6 {[%emt 0:00:24]} 23. Rb1 {[%emt 0:00:42]} Kf7 {[%emt 0:00:23]} 24. Bb3 {[%emt 0:00:57]} e5 {[%emt 0:01:37]} 25. Qd2 {[%emt 0:00:30]} Rgd8 {[%emt 0:00:51]} 26. Bg3 {[%emt 0:00:40]} Ke6 {[%emt 0:00:51]} 27. Bh4 {[%emt 0:00:44]} Rh8 {[%emt 0:00:59]} 28. Rf1 {[%emt 0:00:50]} Rbf8 {[%emt 0:00:40]} 29. Bxe7 {[%emt 0:00:40]} Nxe7 {[%emt 0:00:25]} 30. Bd1 {[%emt 0:00:24]} h5 {[%emt 0:00:25]} 31. Be2 {[%emt 0:00:42]} Qc6 {[%emt 0:00:15]} 32. Bd3 {[%emt 0:00:37]} h4 {[%emt 0:01:54]} 33. Rf3 {[%emt 0:01:14]} Kd7 {[%emt 0:01:50]} 1/2-1/2

[Event "GER-ch Youth U10W 2020"]
[Site "Willingen"]
[Date "2020.10.31"]
[Round "7.7"]
[White "Rössling, Laura Marie"]
[Black "Schube, Theresa"]
[Result "0-1"]
[WhiteElo "937"]
[BlackElo "1131"]
[Annotator "NA RC"]
[PlyCount "108"]
[EventDate "2020.10.27"]
[EventType "swiss"]
[EventRounds "7"]
[EventCountry "GER"]
[SourceTitle "playchess.com"]
[Source "ChessBase"]
[SourceQuality "1"]
[TimeControl "40/4500+30:900+30"]

1. e4 {[%emt 0:00:00]} e5 {[%emt 0:00:00]} 2. Nf3 {[%emt 0:00:00]} Nc6 {[%emt 0:00:00]} 3. Bc4 {[%emt 0:00:30]} Bc5 {[%emt 0:00:09]} 4. b4 {[%emt 0:00:47]} Bxb4 {[%emt 0:00:17]} 5. c3 {[%emt 0:00:26]} Bc5 {[%emt 0:00:24]} 6. d4 {[%emt 0:01:16]} exd4 {[%emt 0:00:13]} 7. O-O {[%emt 0:00:56]} dxc3 {[%emt 0:01:00]} 8. Nxc3 {[%emt 0:02:00]} Nge7 {[%emt 0:00:36]} 9. Bg5 {[%emt 0:02:28]} h6 {[%emt 0:01:17]} 10. Bh4 {[%emt 0:03:20]} O-O {[%emt 0:02:53]} 11. Nd5 {[%emt 0:01:24]} d6 {[%emt 0:00:52]} 12. Bb5 {[%emt 0:01:32]} f6 {[%emt 0:00:30]} 13. Re1 {[%emt 0:05:15]} Ne5 {[%emt 0:01:44]} 14. Nxe5 {[%emt 0:04:11]} dxe5 {[%emt 0:02:06]} 15. Nxe7+ {[%emt 0:03:24]} Bxe7 {[%emt 0:00:53]} 16. Bc4+ {[%emt 0:00:52]} Kh8 {[%emt 0:00:15]} 17. Rb1 {[%emt 0:01:17]} b6 {[%emt 0:00:29]} 18. Bd5 {[%emt 0:02:16]} Rb8 {[%emt 0:00:28]} 19. Bc6 {[%emt 0:04:09]} Bb7 {[%emt 0:01:25]} 20. Bxb7 {[%emt 0:02:08]} Rxb7 {[%emt 0:00:26]} 21. a4 {[%emt 0:10:39]} c6 {[%emt 0:02:08]} 22. a5 {[%emt 0:01:14]} Bc5 {[%emt 0:00:40]} 23. Qg4 {[%emt 0:08:26]} Qd2 {[%emt 0:02:31]} 24. Qe6 {[%emt 0:03:41]} Qd6 {[%emt 0:01:47]} 25. Qf5 {[%emt 0:03:24]} Bb4 {[%emt 0:01:18]} 26. Red1 {[%emt 0:01:01]} Qe7 {[%emt 0:01:31]} 27. axb6 {[%emt 0:04:00]} axb6 {[%emt 0:00:18]} 28. Ra1 {[%emt 0:01:09]} Ra7 {[%emt 0:00:48]} 29. Qf3 {[%emt 0:01:44]} Rfa8 {[%emt 0:01:54]} 30. Rac1 {[%emt 0:03:24]} Bc5 {[%emt 0:03:06]} 31. h3 {[%emt 0:01:43]} Ra2 {[%emt 0:00:31]} 32. Kf1 {[%emt 0:02:27]} Qf7 {[%emt 0:01:02]} 33. Qf5 {[%emt 0:01:38]} R2a7 {[%emt 0:02:55]} 34. Rd2 {[%emt 0:02:02]} Ra1 {[%emt 0:01:28]} 35. Rdd1 {[%emt 0:01:22]} Rxc1 {[%emt 0:00:15]} 36. Rxc1 {[%emt 0:00:19]} g5 {[%emt 0:00:31]} 37. Bg3 {[%emt 0:00:38]} h5 {[%emt 0:03:03]} 38. h4 {[%emt 0:01:04]} g4 {[%emt 0:01:50]} 39. f3 {[%emt 0:01:11]} gxf3 {[%emt 0:01:00]} 40. Qxf3 {[%emt 0:01:17]} Rc8 {[%emt 0:01:51]} 41. Bxe5 {[%emt 0:15:22]} Kg7 {[%emt 0:16:36]} 42. Qg3+ {[%emt 0:01:06]} Qg6 {[%emt 0:00:25]} 43. Qh3 {[%emt 0:01:12]} Rd8 {[%emt 0:03:31]} 44. Bc7 {[%emt 0:00:28]} Rd2 {[%emt 0:00:57]} 45. Bf4 {[%emt 0:00:56]} Rf2+ {[%emt 0:00:34]} 46. Kg1 {[%emt 0:00:28]} Rf3+ {[%emt 0:01:05]} 47. Kh2 {[%emt 0:00:20]} Rxh3+ {[%emt 0:00:31]} 48. Kxh3 {[%emt 0:00:16]} Qg4+ {[%emt 0:00:12]} 49. Kh2 {[%emt 0:00:15]} Qxf4+ {[%emt 0:00:09]} 50. Kh3 {[%emt 0:00:44]} Qxc1 {[%emt 0:00:42]} 51. g4 {[%emt 0:00:30]} Qg1 {[%emt 0:00:36]} 52. gxh5 {[%emt 0:00:36]} Bf2 {[%emt 0:00:17]} 53. h6+ {[%emt 0:00:35]} Kf7 {[%emt 0:00:07]} 54. h5 {[%emt 0:00:35]} Qg3# 0-1

[Event "GER-ch Youth U10W 2020"]
[Site "Willingen"]
[Date "2020.10.31"]
[Round "7.8"]
[White "Halas, Neele Zoe"]
[Black "Zhu, Jenny"]
[Result "1-0"]
[WhiteElo "1295"]
[BlackElo "1573"]
[Annotator "NA RC"]
[PlyCount "85"]
[EventDate "2020.10.27"]
[EventType "swiss"]
[EventRounds "7"]
[EventCountry "GER"]
[SourceTitle "playchess.com"]
[Source "ChessBase"]
[SourceQuality "1"]
[TimeControl "40/4500+30:900+30"]

1. e4 {[%emt 0:00:00]} e5 {[%emt 0:00:00]} 2. Nf3 {[%emt 0:00:00]} Nc6 {[%emt 0:00:00]} 3. d4 {[%emt 0:00:00]} exd4 {[%emt 0:00:00]} 4. Nxd4 {[%emt 0:00:00]} Nf6 {[%emt 0:00:23]} 5. Nxc6 {[%emt 0:00:00]} bxc6 {[%emt 0:00:07]} 6. e5 {[%emt 0:00:01]} Nd5 {[%emt 0:00:11]} 7. Bc4 {[%emt 0:00:52]} Bb7 {[%emt 0:01:09]} 8. O-O {[%emt 0:11:34]} Be7 {[%emt 0:03:12]} 9. Qg4 {[%emt 0:08:41]} Rg8 {[%emt 0:08:47]} 10. Qf3 {[%emt 0:05:48]} d6 {[%emt 0:02:48]} 11. Nc3 {[%emt 0:12:33]} dxe5 {[%emt 0:04:29]} 12. Rd1 {[%emt 0:00:55]} Qd6 {[%emt 0:01:11]} 13. Nxd5 {[%emt 0:05:09]} cxd5 {[%emt 0:01:14]} 14. Bxd5 {[%emt 0:00:10]} Bxd5 {[%emt 0:00:08]} 15. Rxd5 {[%emt 0:00:09]} Qb4 {[%emt 0:00:22]} 16. Rxe5 {[%emt 0:04:36]} Qd4 {[%emt 0:07:26]} 17. Qxa8+ {[%emt 0:07:04]} Kd7 {[%emt 0:09:24]} 18. Qd5+ {[%emt 0:00:16]} Qxd5 {[%emt 0:00:12]} 19. Rxd5+ {[%emt 0:00:08]} Kc8 {[%emt 0:00:09]} 20. Bd2 {[%emt 0:01:09]} Re8 {[%emt 0:00:21]} 21. Re1 {[%emt 0:00:38]} c6 {[%emt 0:00:25]} 22. Rd3 {[%emt 0:00:13]} c5 {[%emt 0:00:27]} 23. Bc3 {[%emt 0:01:45]} c4 {[%emt 0:00:20]} 24. Rde3 {[%emt 0:01:16]} Kd7 {[%emt 0:00:05]} 25. Bb4 {[%emt 0:00:29]} Bxb4 {[%emt 0:01:41]} 26. Rxe8 {[%emt 0:00:29]} Bxe1 27. Rxe1 a5 {[%emt 0:04:08]} 28. f3 {[%emt 0:00:55]} Kc6 {[%emt 0:03:42]} 29. Rd1 {[%emt 0:00:45]} Kb5 {[%emt 0:00:44]} 30. c3 {[%emt 0:00:22]} a4 {[%emt 0:00:17]} 31. a3 {[%emt 0:00:14]} f6 {[%emt 0:00:09]} 32. Kf2 {[%emt 0:00:14]} g5 {[%emt 0:00:07]} 33. Ke3 {[%emt 0:00:17]} h6 {[%emt 0:00:14]} 34. Rd5+ {[%emt 0:00:15]} Kc6 {[%emt 0:00:04]} 35. Ke4 {[%emt 0:00:25]} Kb7 {[%emt 0:00:19]} 36. Kd4 {[%emt 0:00:15]} h5 {[%emt 0:00:33]} 37. Kxc4 {[%emt 0:00:11]} h4 {[%emt 0:00:28]} 38. Rd6 {[%emt 0:00:11]} Ka8 {[%emt 0:00:04]} 39. Rd7 {[%emt 0:00:30]} f5 {[%emt 0:00:30]} 40. Kc5 {[%emt 0:00:30]} h3 {[%emt 0:00:30]} 41. Kb6 {[%emt 0:15:30]} Kb8 {[%emt 0:14:41]} 42. g3 {[%emt 0:00:00]} Ka8 43. Kb5 {[%emt 0:00:00]} 1-0

[Event "GER-ch Youth U10W 2020"]
[Site "Willingen"]
[Date "2020.10.31"]
[Round "7.9"]
[White "Will, Elina"]
[Black "Nalam, Mokshadha"]
[Result "0-1"]
[WhiteElo "1149"]
[BlackElo "962"]
[Annotator "NA RC"]
[PlyCount "52"]
[EventDate "2020.10.27"]
[EventType "swiss"]
[EventRounds "7"]
[EventCountry "GER"]
[SourceTitle "playchess.com"]
[Source "ChessBase"]
[SourceQuality "1"]
[TimeControl "40/4500+30:900+30"]

1. e4 {[%emt 0:00:00]} e5 {[%emt 0:00:00]} 2. Nf3 {[%emt 0:00:00]} Nc6 {[%emt 0:00:00]} 3. d4 {[%emt 0:00:00]} exd4 {[%emt 0:00:00]} 4. Nxd4 {[%emt 0:00:00]} Bc5 {[%emt 0:00:00]} 5. c3 {[%emt 0:00:34]} Qf6 {[%emt 0:00:16]} 6. Be3 {[%emt 0:00:13]} Nge7 {[%emt 0:00:33]} 7. Be2 {[%emt 0:03:53]} O-O {[%emt 0:00:21]} 8. O-O d5 9. Bf3 {[%emt 0:02:43]} dxe4 {[%emt 0:01:35]} 10. Bxe4 {[%emt 0:00:37]} Bd6 {[%emt 0:00:44]} 11. Nf3 {[%emt 0:00:52]} Bg4 {[%emt 0:00:40]} 12. Nbd2 {[%emt 0:01:07]} Rad8 {[%emt 0:03:13]} 13. Qc2 {[%emt 0:00:44]} Ng6 {[%emt 0:01:07]} 14. Bg5 {[%emt 0:00:30]} Qe6 {[%emt 0:01:03]} 15. Bxd8 {[%emt 0:01:44]} Rxd8 {[%emt 0:00:09]} 16. h3 {[%emt 0:04:43]} Bxf3 {[%emt 0:00:31]} 17. Nxf3 {[%emt 0:01:20]} Nce5 {[%emt 0:00:49]} 18. Qe2 {[%emt 0:01:09]} Nf4 {[%emt 0:01:10]} 19. Qc2 {[%emt 0:11:59]} Nxf3+ {[%emt 0:00:26]} 20. Bxf3 {[%emt 0:00:30]} Nxh3+ {[%emt 0:00:55]} 21. gxh3 {[%emt 0:03:49]} Qxh3 {[%emt 0:00:11]} 22. Rfd1 {[%emt 0:01:37]} Qxf3 {[%emt 0:01:22]} 23. Kf1 {[%emt 0:00:42]} Qh1+ {[%emt 0:01:04]} 24. Ke2 {[%emt 0:00:38]} Re8+ {[%emt 0:00:55]} 25. Kd3 {[%emt 0:06:56]} Qe4+ {[%emt 0:00:13]} 26. Kd2 {[%emt 0:00:49]} Bf4# {[%emt 0:00:11]} 0-1

[Event "GER-ch Youth U10W 2020"]
[Site "Willingen"]
[Date "2020.10.31"]
[Round "7.10"]
[White "Le, Thao-Linh"]
[Black "Yan, Jenny"]
[Result "1-0"]
[WhiteElo "1121"]
[BlackElo "952"]
[Annotator "NA RC"]
[PlyCount "83"]
[EventDate "2020.10.27"]
[EventType "swiss"]
[EventRounds "7"]
[EventCountry "GER"]
[SourceTitle "playchess.com"]
[Source "ChessBase"]
[SourceQuality "1"]
[TimeControl "40/4500+30:900+30"]

1. e4 {[%emt 0:00:14]} e5 {[%emt 0:00:00]} 2. Nc3 {[%emt 0:00:26]} Nf6 {[%emt 0:00:03]} 3. g3 {[%emt 0:01:51]} d5 {[%emt 0:00:40]} 4. exd5 {[%emt 0:01:30]} Nxd5 {[%emt 0:00:48]} 5. Bg2 {[%emt 0:01:27]} Nxc3 {[%emt 0:00:41]} 6. bxc3 {[%emt 0:02:37]} Nc6 {[%emt 0:01:15]} 7. Rb1 {[%emt 0:01:17]} Bc5 {[%emt 0:00:54]} 8. Ne2 {[%emt 0:01:00]} Bb6 {[%emt 0:01:55]} 9. d3 {[%emt 0:01:57]} Be6 {[%emt 0:00:29]} 10. Ba3 {[%emt 0:02:54]} Bxa2 {[%emt 0:01:59]} 11. Rb2 {[%emt 0:00:41]} Bd5 {[%emt 0:01:04]} 12. O-O {[%emt 0:09:58]} Bxg2 {[%emt 0:01:07]} 13. Kxg2 {[%emt 0:00:09]} Ne7 {[%emt 0:01:24]} 14. d4 {[%emt 0:02:51]} exd4 {[%emt 0:02:58]} 15. Nxd4 {[%emt 0:00:23]} O-O {[%emt 0:00:36]} 16. Re1 {[%emt 0:00:14]} c5 {[%emt 0:02:02]} 17. Qg4 {[%emt 0:01:32]} Re8 {[%emt 0:02:37]} 18. Nf5 {[%emt 0:01:06]} Nxf5 {[%emt 0:00:40]} 19. Rxe8+ {[%emt 0:00:31]} Qxe8 {[%emt 0:00:20]} 20. Qxf5 {[%emt 0:00:38]} Qc6+ {[%emt 0:00:26]} 21. Kg1 {[%emt 0:00:46]} Qc8 {[%emt 0:01:59]} 22. Qg5 {[%emt 0:02:00]} Qc6 {[%emt 0:00:58]} 23. c4 {[%emt 0:01:08]} Rd8 {[%emt 0:00:36]} 24. Rb1 {[%emt 0:00:49]} f6 {[%emt 0:01:30]} 25. Qg4 {[%emt 0:02:13]} Qa4 {[%emt 0:01:52]} 26. Bc1 {[%emt 0:02:11]} Qxc2 {[%emt 0:00:55]} 27. Ra1 {[%emt 0:01:25]} Qd1+ {[%emt 0:00:29]} 28. Qxd1 {[%emt 0:00:17]} Rxd1+ {[%emt 0:00:13]} 29. Kg2 {[%emt 0:00:09]} Bc7 {[%emt 0:01:47]} 30. Kf3 {[%emt 0:00:28]} Be5 {[%emt 0:00:32]} 31. Rb1 {[%emt 0:01:39]} Kf7 {[%emt 0:00:19]} 32. Ke2 {[%emt 0:00:10]} Rh1 {[%emt 0:00:23]} 33. Rxb7+ {[%emt 0:00:14]} Kg6 {[%emt 0:00:21]} 34. Be3 {[%emt 0:01:47]} Bd4 {[%emt 0:00:31]} 35. Bxd4 {[%emt 0:01:00]} cxd4 {[%emt 0:00:12]} 36. c5 {[%emt 0:00:04]} Rc1 {[%emt 0:00:56]} 37. Rb5 {[%emt 0:00:15]} a6 {[%emt 0:01:03]} 38. Ra5 {[%emt 0:00:10]} Rc3 {[%emt 0:01:47]} 39. Kd2 {[%emt 0:02:08]} h5 {[%emt 0:01:27]} 40. h3 {[%emt 0:02:14]} f5 {[%emt 0:00:30]} 41. Rxa6+ {[%emt 0:16:03]} Kg5 {[%emt 0:15:45]} 42. f4# 1-0

[Event "GER-ch Youth U10W 2020"]
[Site "Willingen"]
[Date "2020.10.31"]
[Round "7.11"]
[White "Manakov, Luisa"]
[Black "Becker, Hanna Charlotte"]
[Result "1-0"]
[WhiteElo "1103"]
[BlackElo "853"]
[Annotator "NA RC"]
[PlyCount "51"]
[EventDate "2020.10.27"]
[EventType "swiss"]
[EventRounds "7"]
[EventCountry "GER"]
[SourceTitle "playchess.com"]
[Source "ChessBase"]
[SourceQuality "1"]
[TimeControl "40/4500+30:900+30"]

1. e4 {[%emt 0:00:00]} e5 {[%emt 0:00:00]} 2. Nf3 {[%emt 0:00:00]} Nc6 {[%emt 0:00:00]} 3. Bc4 {[%emt 0:00:00]} Bc5 {[%emt 0:00:23]} 4. c3 {[%emt 0:00:00]} Nf6 {[%emt 0:00:55]} 5. d4 {[%emt 0:00:10]} exd4 {[%emt 0:00:20]} 6. cxd4 {[%emt 0:00:08]} Bb4+ {[%emt 0:00:36]} 7. Nc3 {[%emt 0:00:11]} Nxe4 {[%emt 0:00:56]} 8. O-O {[%emt 0:00:18]} Nxc3 {[%emt 0:00:53]} 9. bxc3 {[%emt 0:00:09]} Bxc3 {[%emt 0:00:25]} 10. Qb3 {[%emt 0:00:15]} Bxa1 {[%emt 0:00:51]} 11. Bxf7+ {[%emt 0:00:13]} Kf8 {[%emt 0:00:46]} 12. Bg5 {[%emt 0:00:08]} Ne7 {[%emt 0:01:17]} 13. Re1 {[%emt 0:00:39]} d5 {[%emt 0:01:26]} 14. Bxe7+ {[%emt 0:02:19]} Qxe7 {[%emt 0:01:09]} 15. Rxe7 {[%emt 0:00:09]} Kxe7 {[%emt 0:00:24]} 16. Bxd5 {[%emt 0:00:08]} Bg4 {[%emt 0:01:12]} 17. Qc2 {[%emt 0:00:22]} c6 {[%emt 0:02:25]} 18. Qc5+ {[%emt 0:01:58]} Kd7 {[%emt 0:01:10]} 19. Ne5+ {[%emt 0:00:15]} Kc8 {[%emt 0:01:20]} 20. Nxg4 {[%emt 0:00:29]} Re8 {[%emt 0:01:01]} 21. g3 {[%emt 0:00:40]} Re1+ {[%emt 0:02:09]} 22. Kg2 {[%emt 0:00:12]} h5 {[%emt 0:02:50]} 23. Ne5 {[%emt 0:00:44]} Rd1 {[%emt 0:01:20]} 24. Bxc6 {[%emt 0:02:00]} bxc6 {[%emt 0:01:19]} 25. Qxc6+ {[%emt 0:00:08]} Kb8 {[%emt 0:00:18]} 26. Nd7# {[%emt 0:00:05]} 1-0

[Event "GER-ch Youth U10W 2020"]
[Site "Willingen"]
[Date "2020.10.31"]
[Round "7.12"]
[White "Strübel, Katharina"]
[Black "Wolf, Anna"]
[Result "1-0"]
[WhiteElo "1091"]
[BlackElo "1098"]
[Annotator "NA RC"]
[PlyCount "135"]
[EventDate "2020.10.27"]
[EventType "swiss"]
[EventRounds "7"]
[EventCountry "GER"]
[SourceTitle "playchess.com"]
[Source "ChessBase"]
[SourceQuality "1"]
[TimeControl "40/4500+30:900+30"]

1. e4 {[%emt 0:00:00]} e6 {[%emt 0:00:00]} 2. d4 {[%emt 0:00:00]} d5 {[%emt 0:00:00]} 3. e5 {[%emt 0:00:26]} c5 {[%emt 0:00:00]} 4. c3 {[%emt 0:00:44]} Nc6 {[%emt 0:00:30]} 5. Nf3 {[%emt 0:00:35]} Qb6 {[%emt 0:00:17]} 6. Be2 {[%emt 0:01:26]} Bd7 {[%emt 0:00:10]} 7. a3 {[%emt 0:02:03]} Nge7 {[%emt 0:01:24]} 8. b4 {[%emt 0:01:15]} cxd4 {[%emt 0:00:12]} 9. cxd4 {[%emt 0:01:01]} Nf5 {[%emt 0:00:36]} 10. Bb2 {[%emt 0:02:05]} Be7 {[%emt 0:01:21]} 11. O-O a6 {[%emt 0:03:02]} 12. Qd3 {[%emt 0:11:33]} O-O {[%emt 0:02:40]} 13. b5 {[%emt 0:04:13]} axb5 {[%emt 0:03:33]} 14. Qxb5 {[%emt 0:00:55]} Qxb5 {[%emt 0:04:47]} 15. Bxb5 {[%emt 0:05:08]} Rfc8 {[%emt 0:01:45]} 16. Nc3 Nb8 {[%emt 0:03:13]} 17. Bd3 {[%emt 0:07:10]} Nh4 {[%emt 0:05:23]} 18. Nd2 {[%emt 0:03:14]} Nc6 {[%emt 0:01:55]} 19. g3 {[%emt 0:01:43]} Nf5 {[%emt 0:00:45]} 20. Bxf5 {[%emt 0:00:31]} exf5 {[%emt 0:00:44]} 21. Nxd5 {[%emt 0:00:36]} Bd8 {[%emt 0:03:58]} 22. Nc4 Be6 {[%emt 0:03:15]} 23. Ncb6 {[%emt 0:03:11]} Bxd5 {[%emt 0:00:59]} 24. Nxd5 {[%emt 0:00:42]} Ne7 {[%emt 0:01:16]} 25. Nxe7+ {[%emt 0:02:01]} Bxe7 {[%emt 0:02:39]} 26. d5 {[%emt 0:02:42]} Rc2 {[%emt 0:00:52]} 27. Bc1 {[%emt 0:01:06]} Rd8 {[%emt 0:01:14]} 28. d6 {[%emt 0:00:44]} Bf8 {[%emt 0:00:20]} 29. Rb1 {[%emt 0:00:34]} Rd7 {[%emt 0:00:43]} 30. Re1 {[%emt 0:00:40]} g6 {[%emt 0:03:17]} 31. e6 {[%emt 0:00:38]} fxe6 {[%emt 0:00:48]} 32. Rxe6 {[%emt 0:00:19]} Rxd6 {[%emt 0:01:04]} 33. Rxd6 {[%emt 0:00:56]} Bxd6 {[%emt 0:00:06]} 34. Bh6 {[%emt 0:00:32]} Bxa3 {[%emt 0:03:38]} 35. Rxb7 {[%emt 0:00:21]} Bd6 {[%emt 0:02:29]} 36. Rg7+ {[%emt 0:01:07]} Kh8 {[%emt 0:00:24]} 37. Rd7 {[%emt 0:01:04]} Bc7 {[%emt 0:00:26]} 38. Re7 {[%emt 0:00:32]} Kg8 {[%emt 0:01:16]} 39. Re8+ {[%emt 0:00:15]} Kf7 {[%emt 0:00:18]} 40. Rc8 {[%emt 0:00:19]} Rc6 {[%emt 0:01:53]} 41. Bf4 {[%emt 0:15:21]} Kf6 {[%emt 0:18:58]} 42. Rxc7 {[%emt 0:00:17]} Re6 {[%emt 0:00:23]} 43. Rxh7 {[%emt 0:00:24]} g5 {[%emt 0:00:09]} 44. Rh6+ {[%emt 0:00:07]} Kf7 {[%emt 0:00:22]} 45. Rxe6 {[%emt 0:00:13]} Kxe6 {[%emt 0:00:11]} 46. Bxg5 {[%emt 0:00:12]} Kf7 {[%emt 0:00:11]} 47. h4 {[%emt 0:00:24]} Kg6 {[%emt 0:00:07]} 48. f4 {[%emt 0:00:10]} Kh5 {[%emt 0:00:10]} 49. Kg2 {[%emt 0:00:25]} Kg4 {[%emt 0:00:09]} 50. Be7 {[%emt 0:00:15]} Kh5 {[%emt 0:00:10]} 51. Kf3 {[%emt 0:00:10]} Kh6 {[%emt 0:00:14]} 52. g4 {[%emt 0:00:06]} fxg4+ {[%emt 0:00:15]} 53. Kxg4 {[%emt 0:00:07]} Kg6 {[%emt 0:00:08]} 54. f5+ {[%emt 0:00:07]} Kh7 {[%emt 0:00:27]} 55. Kg5 {[%emt 0:00:08]} Kg7 {[%emt 0:00:09]} 56. f6+ {[%emt 0:00:07]} Kf7 {[%emt 0:00:06]} 57. h5 {[%emt 0:00:06]} Ke6 {[%emt 0:00:10]} 58. h6 {[%emt 0:00:06]} Kd5 {[%emt 0:00:04]} 59. f7 {[%emt 0:00:10]} Kd4 {[%emt 0:00:08]} 60. f8=Q Ke4 61. Qf5+ {[%emt 0:01:23]} Ke3 {[%emt 0:01:03]} 62. Bc5+ {[%emt 0:00:13]} Ke2 {[%emt 0:00:17]} 63. Qf4 {[%emt 0:00:17]} Kd3 {[%emt 0:00:20]} 64. Qd4+ {[%emt 0:00:15]} Ke2 {[%emt 0:00:15]} 65. Qc3 {[%emt 0:00:07]} Kf1 66. Qc2 {[%emt 0:03:41]} Ke1 {[%emt 0:01:53]} 67. Be3 {[%emt 0:00:10]} Kf1 {[%emt 0:00:15]} 68. Qf2# 1-0

[Event "GER-ch Youth U10W 2020"]
[Site "Willingen"]
[Date "2020.10.31"]
[Round "7.13"]
[White "Zimmermann, Lilly Marie"]
[Black "Abram, Kristina-Maria"]
[Result "0-1"]
[WhiteElo "851"]
[BlackElo "1038"]
[Annotator "NA RC"]
[PlyCount "34"]
[EventDate "2020.10.27"]
[EventType "swiss"]
[EventRounds "7"]
[EventCountry "GER"]
[SourceTitle "playchess.com"]
[Source "ChessBase"]
[SourceQuality "1"]
[TimeControl "40/4500+30:900+30"]

1. e4 {[%emt 0:00:00]} e5 {[%emt 0:00:00]} 2. Nf3 {[%emt 0:00:00]} Nc6 {[%emt 0:00:00]} 3. d4 {[%emt 0:00:00]} exd4 {[%emt 0:00:03]} 4. Nxd4 {[%emt 0:00:00]} Bc5 {[%emt 0:00:17]} 5. Nxc6 {[%emt 0:00:27]} Qf6 {[%emt 0:00:22]} 6. Qd2 {[%emt 0:00:54]} Qxc6 {[%emt 0:00:15]} 7. e5 {[%emt 0:00:32]} Qe4+ {[%emt 0:02:26]} 8. Be2 {[%emt 0:00:30]} Qxg2 {[%emt 0:00:26]} 9. Rf1 {[%emt 0:00:47]} Qxh2 {[%emt 0:00:29]} 10. Bc4 {[%emt 0:00:26]} Qxe5+ {[%emt 0:00:20]} 11. Kd1 {[%emt 0:00:28]} Qf6 {[%emt 0:02:20]} 12. Qe2+ {[%emt 0:01:15]} Ne7 {[%emt 0:00:13]} 13. Qg4 {[%emt 0:00:27]} d5 {[%emt 0:00:32]} 14. Bd3 {[%emt 0:00:21]} Bxg4+ {[%emt 0:00:14]} 15. Ke1 {[%emt 0:01:24]} Qe5+ {[%emt 0:00:15]} 16. Kd2 {[%emt 0:00:31]} Qf4+ {[%emt 0:00:29]} 17. Kc3 {[%emt 0:00:38]} Qb4# 0-1